00985nam a2200241 a 4500001000900000005001700009008004100026020001800067041001100085044000700096050002400103245011000127260009100237300004200328500004100370500007900411504003100490546003500521600008700556650003400643650003700677700002900714BRCA_28920190320202940.0930719s2008 sp-a---###---#000-0#spa-# a9788489895188 aspaeng asp 4aND813.V4b.T67 200810aEn torno a Santa RufinabVelázquez de lo íntimo a lo cortesanocBenito Navarrete Prieto ... [et al.]. aSevillabFundación Focus-Abengoa, Centro Velázquez : Ayuntamiento de Sevillac2008 a165 p.bil. (algunas a color)c26 cm. aIncluye lista de figuras en inglés aCatálogo de la exposición realizada en Sevilla, 4 marzo - 4 mayo, 2008 aBibliografía: p. 159-165 aTexto en: español e inglés14aVelázquez, Diego Rodríguez de Silva yd1599-1660xCrítica e interpretación14aPinturaySiglo XVIIzEspaña14aPintores españolesySiglo XVII1 aNavarrete Prieto, Benito